000 00950nam0a22002771 4500
001 v19\rc\1993204
005 20080811191136.3
035 _a(NLR Aleph) 005088657
090 _a7273305
_c7273305
100 _a20080811e19151915|||y0rusy50 ca
101 0 _arus
102 _aRU
105 _aa z |||||
200 1 _aПожарная охрана лазаретов для раненых
_fП.К. Яворовский
210 _aПетроград
_cтип. Флейтмана
_d[1915]
215 _a14 с.
_cил.
_d19
309 _aБез тит. л. и обл.
311 _aОтт. из журн. "Пожар. дело". 1915 г., № 1
488 0 _12001#$aПожарное дело$v1915, № 1
700 1 _aЯворовский
_bП. К.
_f1873-
_gПавел Казимирович
801 0 _aRU
_bNLR
_gpsbo
801 0 _aRU
_bRuMoRGB
_2psbo
801 1 _aRU
_bProSoft-M
_2rusmarc
852 _aNLR
_j37.61.1.212
942 _cBOOK
980 _aNB